| 000 | 00935cam a22002654a 4500 | ||
|---|---|---|---|
| 001 | 12118937 | ||
| 005 | 20251117135752.0 | ||
| 008 | 000726s2001 maua b 001 0 eng | ||
| 020 | _a0072320583 | ||
| 020 | _a9780072320589 | ||
| 050 | 0 | 0 |
_aHF1017 _b.B654 2001 |
| 082 | 0 | 0 |
_a519.5/024/65 _221 |
| 100 | 1 | _aBowerman, Bruce L. | |
| 245 | 1 | 0 |
_aBusiness statistics in practice / _cBruce L. Bowerman, Richard T. O'Connell, Michael L. Hand. |
| 250 | _a2nd ed. | ||
| 260 |
_aBoston : _bMcGraw-Hill/Irwin, _cc2001. |
||
| 300 |
_axxiii, 856 p. : _bcol. ill. ; _c28 cm. |
||
| 500 | _aRev. ed. of: Applied statistics : improving business processes / Bruce L. Bowerman, Richard T. O'Connell. c1997. | ||
| 650 | 0 | _aCommercial statistics. | |
| 650 | 0 | _aStatistics. | |
| 700 | 1 | _aO'Connell, Richard T. | |
| 700 | 1 |
_aHand, Michael L. _q(Michael Lawrence), _d1953- |
|
| 700 | 1 |
_aBowerman, Bruce L. _tApplied statistics. |
|
| 942 |
_2lcc _cBK _n0 |
||
| 999 |
_c8267 _d8267 |
||